ბათუმის შოთა რუსთაველის სახელმწიფო უნივერსიტეტის ბიბლიოთეკა

გარემოს დაცვა და ბუნებათსარგებლობის ეკოლოგია. ნაწ. 2 / (ბიბ.ჩანაწერი № 56569)

000 -ლიდერი
ფიქსირებული სიგრძის საკონტროლო ველი 01258nam a2200265Ia 4500
001 - საკონტროლო ნომერი
საკონტროლო ველი 23683
003 - საკონტროლო ნომრის იდენტიფიკატორი
საკონტროლო ველი GE_BSU
005 - ბოლო ოპერაციის თარიღი და დრო
საკონტროლო ველი 20250213170235.0
008 - ფიქსირებული სიგრძის მონაცემთა ელემენტები - ზოგადი ინფორმაცია
ფიქსირებული სიგრძის საკონტროლო ველი 181216s2008||||ge |||||||||||||| ||geo||
020 ## - წიგნის საერთაშორისო სტანდარტული ნომერი
International Standard Book Number 978994052875
040 ## - კატალოგიზაციის წყარო
Transcribing agency GE_BSU
041 ## - ენის კოდი
Language code of text/sound track or separate title geo
080 ## - უნივერსალური ათობითი კლასიფიკაციის ინდექსი
Universal Decimal Classification number 502.1(042.4)+574(042.4) თ-86
100 ## - მთავარი ჩანაწერი - პიროვნების სახელი
Personal name თურქაძე, ც.
9 (RLIN) 23312
245 ## - ცნობა სათაურის შესახებ
Title გარემოს დაცვა და ბუნებათსარგებლობის ეკოლოგია. ნაწ. 2 /
Statement of responsibility, etc ც. თურქაძე, ბ. ბუცხრიკიძე; აკ. წერეთლის სახელმწ. უნ-ტი.
264 ## - წარმოების, გამოცემის, დისტრიბუციის და სხვა ცნობები
გამოცემის, წარმოების, დისტრიბუციის... ადგილი ქუთაისი :
გამოცემის, წარმოების, დისტრიბუციის... სახელწოდება აკ. წერეთლის უნ-ტის გამ-ბა,
გამოცემის, წარმოების, დისტრიბუციის... თარიღი 2008.
300 ## - ფიზიკური აღწერა
Extent 188 გვ. ;
Other physical details 20 სმ.
500 ## - ზოგადი შენიშვნა
General note დანართები: გვ. 176-185.
504 ## - BIBLIOGRAPHY, ETC. NOTE
Bibliography, etc ბიბლიოგრაფია: გვ. 186-188.
653 ## - INDEX TERM--UNCONTROLLED
Uncontrolled term გარემოს დაცვა
653 ## - INDEX TERM--UNCONTROLLED
Uncontrolled term ეკოლოგია
700 ## - ADDED ENTRY--PERSONAL NAME
Personal name ბუცხრიკიძე, ბ.
Relator term ავტორი
9 (RLIN) 23313
710 ## - ADDED ENTRY--CORPORATE NAME
Corporate name or jurisdiction name as entry element აკ. წერეთლის სახელმწიფო უნივერსიტეტი.
9 (RLIN) 24360
942 ## - ADDED ENTRY ELEMENTS (KOHA)
Koha item type წიგნი
Source of classification or shelving scheme
ეგზემპლარები
ჩამოწერის სტატუსი დაკარგული ეგზემპლარის სტატუსი კლასიფიკაციის წყარო ან თაროზე გაწყობის სქემა დაზიანების სტატუსი არ გაიცემა მუდმივი მდებარეობა (დაცვის ადგილი) ამჟამინდელი ადგილსამყოფელი თაროზე განთავსების ადგილი შეძენის თარიღი ღირებულება, შესყიდვის ნორმალური ფასი სრული შენახვის შიფრი შტრიხკოდი ბოლო ოპერაციის თარიღი ეგზემპლარის მიმდევრობითი ნომერი (კეტერი?) ფასის ძალაში შესვლის თარიღი ეგზემპლარის სახეობა საჯარო შენიშვნა
          ბათუმის შოთა რუსთაველის სახელმწიფო უნივერსიტეტის მთავარი ბიბლიოთეკა ბათუმის შოთა რუსთაველის სახელმწიფო უნივერსიტეტის მთავარი ბიბლიოთეკა წიგნსაცავი 2018-12-17 5.00 502.1(042.4)+574(042.4) თ-86 28512 2018-12-17 28512 2018-12-17 წიგნი 5 ლ.